1440 1602 1623 1752 1412 1784 1765 1777 1865 1255 1708 1317 1385 1068 1706 1369 1302 1611 1101 1513 1407 1554 1455 1825 1033 1451 1165 1406 1747 1813 1735 1598 1154 1963 1572 1770 1773 1152 1655 1547 1055 1430 1766 1771 1310 1966 1766 1082 1774 1175 1521 1326 1269 1522 1454 1612 1067 1731 1878 1346 1084 1232 1876 1770 1359 1996 1890 1175 1799 1082 1767 1764 1736 1667 1997 1801 1325 1931 1347 1850 1644 1588 1166 1693 1460 1219 1469 1061 1478 1818 1742 1555 1651 1267 1184 1705 1963 1363 1055 BCNSPRNW ULIB Ver.6.0+V

เปลี่ยนเป็นภาษาไทย

Change to English
 แสดงรายละเอียดบรรณานุกรม
  กลับหน้าหลัก

Brief Record : Get Marc (ISO 2709) : E-mail record : QR code < ปิดหน้าต่าง
LEADER : 00000nam 2200000uu 4500
001    13399127981
003     ULIB
008    211124s2563||||th 000 0 tha d
020    ^a9786165683081
060  0 ^aWM105^bศ445ส
100    ^aศริญญา จริงมาก
245    ^aสุขภาพจิตและจิตเวช/^cศริญญา จริงมาก
260    ^aอุดรธานี :^bศักดิ์ศรีอักษรการพิมพ์,^c2563
300    ^a354 หน้า :^bภาพประกอบ
505  2 ^aแนวคิดของสุขภาพจิต--แนวคิดการเกิดโรค--ปรัชญาพื้นฐาน ทักษะการสื่อสารและหลักนิติจิตเวชศาสตร์--ความเข้าใจในพื้นฐานจิตใจ--พัฒนาการทางจิตและคุณภาพชีวิต--บุคลิกภาพ--อาการวิทยาและเกณฑ์จำแนกโรค--การวินิจฉัยและการบำบัดรักษา--ภาวะฉุกเฉินทางจิตเวช--สุขภาพจิตผู้สูงอายุ
650 04 ^aสุขภาพจิต
650  0 ^aMental health
650 04 ^aจิตเวชศาสตร์
650  0 ^aPsychiatry
945    ^p450^l0^i29150
945    ^p450^l0^i29151
999    ^aกัณชพร จุลอักษร
รายการนี้ยังไม่มีแท็ก
คุณยังไม่ได้ล็อกอิน คุณสามารถมีกิจกรรมร่วมกับเว็บไซต์ได้ แต่ต้องล็อกอินก่อน ::
  ล็อกอิน

รายการสื่อสารสนเทศ

ลำดับที่ ประเภท เลขเรียก/บาร์โค้ด สถานที่ สถานะ
1. หนังสือสำรอง
หนังสือสำรอง
WM105 ศ445ส ฉ.1 
  Barcode: 29150
ห้องสมุดวิทยาเขตนครสวรรค์
►หนังสือทั่วไป:l:General Books
บนชั้น
2. วิทยาศาสตร์การแพทย์ และสุขภาพ
วิทยาศาสตร์การแพทย์ และสุขภาพ
WM105 ศ445ส ฉ.2 
  Barcode: 29151
ห้องสมุดวิทยาเขตนครสวรรค์
►หนังสือทั่วไป:l:General Books
บนชั้น

รายการใกล้เคียง
    ผู้แต่ง [ศริญญา จริงมาก]

    หัวเรื่อง [สุขภาพจิต]
    หัวเรื่อง [Mental health]
    หัวเรื่อง [จิตเวชศาสตร์]
    หัวเรื่อง [Psychiatry]

BibComment


ยังไม่เคยถูกคอมเมนท์

คอมเมนท์ทรัพยากรรายการนี้
  คอมเมนท์: สุขภาพจิตและจิตเ..


 Copyright 2026. Bcnsprnw @Library